Footballeurs par description. #1 - Statistiques

Statistiques générales
  • Ce quiz a été pris 257 fois
  • Le résultat moyen est 14 sur 15
Statistiques - réponses
Descriptions Footballeurs % Correct
Je suis né le 5 Février 1985, à Funchal. Je suis un footballeur évoluant au poste d'attaquant ayant débuté ma carrière au Sporting Portugal en 2002. Je suis le seul, avec (...) à avoir remporté le ballon d'or au moins 5 fois. Ayant dépassé le seuil de 960 pour 1300 matchs, je suis le meilleur buteur de l'histoire du football. Je suis... Cristiano Ronaldo
100%
Considéré par mes pairs comme le meilleur joueur de l'histoire, je suis l'homme ayant remporté le plus de ballons d'or, 8. Je suis né le 24 Juin 1987 à Rosario. Je suis le meilleur buteur de l'histoire de mon club de coeur, le FC Barcelone. Je suis... Lionel Messi
100%
Attaquant toujours activité, ma vitesse est ma principale qualité. Je suis le meilleur buteur de l'histoire de mon club de coeur, le PSG. Malgré des efforts, je n'ai jamais réussi à remporter la Ligue des Champions avec celui-ci, c'est par ailleurs pour cela que j'ai signé au Réal Madrid en 2024. Très précoce, à 20 ans j'ai emmené mon pays à la victoire en Coupe du Monde aux côtés de Raphael Varane et d'Antoine Griezmann. Je suis... Kylian Mbappé
99%
Véritable génie du ballon rond, c'est dans le même club que l'idole de tous les brésiliens que je débuterai ma carrière. Dribbleur hors pair, le FC Barcelone me convoitise et je signerai là-bas au début des années 2010. Formant la mythique MSN du Barça en 2015, je signerai finalement au Paris Saint-Germain en 2017, mais m'éloignerai cependant de mon rêve, le Ballon d'or. Je suis... Neymar Jr
98%
Première immense légende du football, j'ai fait mes premières apparitions avec mon pays lors de la Coupe du monde de 1958, que je remporte grâce à un but d'anthologie en finale contre la Suède, le pays organisateur. J'ai passé la quasi-totalité de ma carrière dans mon club de Sao Paulo, le Santos FC. Appelé le "Roi", je suis... Pelé
97%
Numéro 10 par excellence, je suis sans doute le meilleur joueur de l'histoire de mon pays. Formé à l'AS Cannes, j'explose véritablement aux Girondins de Bordeaux au milieu des années 1990. C'est en 1998, à l'âge de 26 ans, que tout un pays m'idolâtre grâce à mes deux buts de la tête face au Brésil permettant à mon pays de remporter sa première coupe du monde. En tant qu'entraîneur, je permettrai au Réal Madrid de glaner 3 Ligue des Champions d'affilée entre 2016 et 2018. Je suis... Zinédine Zidane
97%
Dans mon pays, les gens me considèrent comme un dieu. Après la victoire de mon pays à la Coupe du Monde 1978, j'éblouis à mon tour le monde entier en 1986 notamment en demi-finale contre l'Angleterre de Peter Shilton. Ayant évolué au Barça ou encore à Séville, c'est en particulier au Napoli où j'ai brillé. Par ailleurs, le stade de Naples mon nom. Je suis... Diego Maradona
95%
Je suis un gardien charismatique, tant par mes arrêts que par ma longévité. C'est à Parme que j'explose aux grands yeux du public, me valant des convoitises notamment par la Juventus Turin, club pour lequel j'évoluerai près de 20 ans. Mythique gardien de la Squadra Azzurra de 2006, je remporte la coupe du monde mais pas de Ligue des Champions. Je suis... Gianluigi Buffon
95%
Mon surnom parle pour moi. Je suis une véritable une machine à buts, que j'empilent depuis que je suis dans le monde professionnel. Je remporte ma première Ligue des Champions en 2023 avec mon club de Manchester City, là où a également évolué mon père. Je suis le compatriote de Martin Odegaard, avec qui nous évoluons pour un pays en pleine (ré)émergence footballistique. Je suis... Erling Haaland
94%
Attaquant charismatique, je suis habile des deux pieds et très technique malgré mon mètre 95. Je suis une grande gueule, je ne me le suis jamais caché, je pense être le meilleur. J'ai notamment fait les beaux jours du PSG au début de l'ère Qatarie. Mon club de coeur reste néanmoins l'AC Milan pour lequel j'ai brillé au début des années 2010 mais aussi à mon retour en 2020. Attaquant suédois, je suis... Zlatan Ibrahimovic
94%
Probablement le meilleur joueur à mon poste, je suis un milieu espagnol, ayant évolué au FC Barcelone pour la quasi totalité de ma carrière. Avec Xavi et Busquets j'ai révolutionné mon sport, par un jeu de passes et de dribbles impressionnant. Mythique buteur de la finale de la Coupe du Monde 2010, je suis... Andrés Iniesta
91%
Mythique attaquant polonais de la décennie 2010, je suis probablement l'un des meilleurs finisseurs de l'histoire de mon sport. C'est avec le Bayern Munich que j'ai passé la majorité de ma carrière, pour lequel j'ai remporté une Ligue des Champions en 2020. Malheureusement je n'ai pas remporté le Ballon d'or, bien que j'aurais du l'avoir, en 2020, lors de la période Covid. Je suis... Robert Lewandowski
91%
Milieu offensif, j'ai été l'idole de tous les petits garçons des années 1970. Légende de Saint-Etienne mais également de la Juventus de Turin, je suis le premier à remporter trois ballons d'or consécutifs entre 1983 et 1985, période durant laquelle je permets à la France de remporter son premier Euro, en 1984. Numéro 10 polyvalent, je suis... Michel Platini
89%
Défenseur charismatique, j'ai joué exclusivement dans mon club formateur, le club où mon père a également brillé, l'AC Milan. J'ai formé des pairs de défenseurs fabuleuses notamment avec Franco Baresi à mes débuts mais également avec Alessandro Nesta à la fin de ma carrière. J'ai tant évolué à gauche de la défense que dans l'axe. Je remporte 5 Ligue des champions avec Milan. Je suis... Paolo Maldini
87%
Je suis un joueur néerlandais emblématique de mon sport, notamment pour mon empreinte indélébile laissée sur le foot. Tout d'abord j'ai remporté 3 ballons d'or au début des années 1970, à l'Ajax et au Barça. Par la suite j'ai été un entraîneur fabuleux, et j'ai permis au Barça de remporter sa première Ligue des Champions en 1992. Je suis le mentor de Pep Guardiola, qui a fait évolué mes idées sur le continent européen. Je suis... Johan Cruyff
86%
Aucun quiz correspondant
Distribution des résultats
% des personnes avec chaque résultat
Percentile par nombre de réponses
Votre historique - résultats
Vous n’avez pas pris ce quiz